| 000 | 00664nam a2200241Ia 4500 | ||
|---|---|---|---|
| 003 | OSt | ||
| 005 | 20220928111127.0 | ||
| 006 | a|||||r|||| 00| 0 | ||
| 007 | ta | ||
| 008 | 220927b |||||||| |||| 00| 0 eng d | ||
| 024 | _a17786 | ||
| 037 | _cTextual | ||
| 040 |
_aSDCL _cSDCL _beng |
||
| 041 |
_2eng _aeng |
||
| 082 | _aO-,3L13,1, D3 | ||
| 100 |
_aSterne Laurence _9421582 |
||
| 245 | 0 | _aLife and opinions of Tristram Shandy | |
| 260 |
_aLondon _bOxford University Press _c1903 |
||
| 300 |
_a591p. _ccm. |
||
| 650 |
_aSterne Laurence Fiction _9421583 |
||
| 942 |
_hO-,3L13,1, D3 _cTEXL _2CC |
||
| 999 |
_c737895 _d737895 |
||